ملخصات تسع وتسعين ندوة / (Record no. 66078)
[ view plain ]
| 000 -الفاتح | |
|---|---|
| حقل البيانات ثابتة الطول | 01031nam a2200241Ia 4500 |
| 005 - وقت وتاريخ اخر تعامل مع التسجيلة | |
| رقم الضبط | 20240530110858.0 |
| 008 - عناصر البيانات ثابتة الطول - معلومات عامة | |
| حقل البيانات ثابتة الطول | 140319s2008 ua 000 0 ara d |
| 040 ## - مصدر الفهرسة | |
| وكالة الفهرسة الأصلية | GCL / |
| وكالة النسخ | GCL |
| 082 04 - رقم تصنيف ديوى العشرى | |
| رقم التصنيف | 306/ |
| رقم المادة | ق م |
| 100 0# - المدخل الرئيسى - إسم شخصى | |
| الإسم الشخصى | قدرى حفنى |
| 245 10 - بيان العنوان | |
| العنوان | ملخصات تسع وتسعين ندوة / |
| بيان المسئوليه,etc | اعداد وتحرير قدرى حفنى، محسن يوسف ؛ تقديم اسماعيل سراج الدين |
| 260 ## - PUBLICATION, DISTRIBUTION, ETC. (IMPRINT) | |
| تاريخ النشر أو التوزيع | 2008. |
| 300 ## - الوصف المادى | |
| التعداد | 344 ص ؛ |
| أبعاد الوعاء | 24 سم. |
| 500 0# - تبصرة عامة | |
| تبصرة عامة | كتاب تذكارى بمناسبة الالحتفال بالندوة رقم مائة فى منتدى الحوار بمكتبة الاسكندرية فى 91 يوليو 2008 |
| 650 04 - المدخل الاضافى بالموضوع-مصطلح موضوعى | |
| مصطلح موضوعي | المجتمع المصرى |
| 650 07 - المدخل الاضافى بالموضوع-مصطلح موضوعى | |
| مصطلح موضوعي | المثقفون |
| مصدر الرأس أو المصطلح | qrmak |
| 650 07 - المدخل الاضافى بالموضوع-مصطلح موضوعى | |
| مصطلح موضوعي | الندوات |
| مصدر الرأس أو المصطلح | qrmak |
| 650 07 - المدخل الاضافى بالموضوع-مصطلح موضوعى | |
| مصطلح موضوعي | الثقافة |
| مصدر الرأس أو المصطلح | qrmak |
| 700 0# - المدخل الاضافى - اسم شخصى | |
| الإسم الشخصى | محسن يوسف |
| الدور | معد ومحرر |
| 700 0# - المدخل الاضافى - اسم شخصى | |
| الإسم الشخصى | اسماعيل سراج الدين |
| الدور | معد ومحرر |
| 942 ## - عناصر المدخل الإضافي( كوها) | |
| مصدر التصنيف او مخطط الترفيف | Dewey Decimal Classification |
| Koha [default] item type | كتاب |
| 260 ## - PUBLICATION, DISTRIBUTION, ETC. (IMPRINT) | |
| -- | الاسكندرية : |
| -- | مكتبة الاسكندرية، |
| حالة التراجع | حالة الفقد | مصدر التصنيف او خطة الترفيف | حالة تلف | ليس للاعارة | المكان المؤقت | الموقع الحالى | موقع الترفيف | تاريخ الاكتساب | اجمالي اﻻعارات | رقم الطلب | الباركود | تاريخ اخر مشاهدة | تاريخ تفعيل السعر | نوع وعاء كوها |
|---|---|---|---|---|---|---|---|---|---|---|---|---|---|---|
| ddc | مكتبة القاهرة الكبرى | مكتبة القاهرة الكبرى | ق الرئيسية_العلوم الاجتماعية_ك عربى | 01/25/2022 | 306/ ق م | 167288 | 01/25/2022 | 01/25/2022 | كتاب |

